00682nam a2200157 i 450000100060000000300090000600500170001500700030003200800410003510000530007624502540012925000180038326000540040130000210045585200480047643787ES-MaACL20251217063016.0t|030318s1876 sp ||||1| spa d1 aCervino y Ferrero, Joaquín José, d1817-188313aLa Mallorquina b: canto épico premiado con el brote de laurel de oro en el certámen abierto por ... Ayuntamiento de Valencia para celebrar al rey don Jaime el Conquistador en el sexto centenario de su fallecimiento / cJoaquín José Cervino. aEd. especial. aMadrid : b[s.n.], c1876 (fImp. de T. Fortanet) a32 p. ; c25 cm. aES-MaACLjT-518-F-4 z.- Ded. ms. del autor